Normal view
MARC view
- Palomino-Devia, Constanza
Entry Nombre Personal
001 - NUMERO DE CONTROL
- campo de control: 44898
003 - IDENTIFICADOR DE NUMERO DE CONTROL
- campo de control: UPN
005 - FECHA Y HORA DE LA ÜLTIMA TRANSACCIÓN
- campo de control: 20220615122609.0
008 - DATOS DE LONGITUD FIJA
- campo de control de longitud fija: 220615|| acnnnaabn | a|a d
024 ## - OTROS IDENTIFICADORES NORMALIZADOS
- Fuente: orcid
- Número normalizado o código: 0000-0001-6883-9441
040 ## - FUENTE DE CATALOGACIÓN
- Agencia original de catalogación: MX-MxUPN
100 1# - ENCABEZAMIENTO - NOMBRE PERSONAL
- Nombre personal: Palomino-Devia, Constanza
370 ## - LUGAR ASOCIADO
- Associated country: España
372 ## - CAMPO DE ACTIVIDAD
- Field of activity: Educación física, deportes, educación
- Field of activity: Docencia
373 ## - GRUPO ASOCIADO
- Associated group: Universidad del Tolima
374 ## - OCUPACIÓN
- Occupation: Profesora universitaria
375 ## - GÉNERO
- Gender: femenino
377 ## - LENGUA ASOCIADA
- Language code: spa
400 1# - VEÁSE - NOMBRE DE PERSONA
- Personal name: Devia, Constanza Palomino
670 ## - FUENTE EN LA QUE SE LOCALIZARON DATOS
- Cita de la fuente: En recurso en línea Aloma : revista de psicología, ciències de l’eduació i de l’esport, Vol. 38, no. 2 (2020):
- Información localizada: página 33 (Constanza Palomino-Devia)
- Uniform Resource Identifier: http://revistaaloma.net/index.php/aloma/article/view/433/200200278
670 ## - FUENTE EN LA QUE SE LOCALIZARON DATOS
- Cita de la fuente: En el sitio web Google académico, consultado Junio 15, 2022:
- Información localizada: Ejercicio físico, educación
- Uniform Resource Identifier: https://scholar.google.es/citations?user=9tseLE0AAAAJ&hl=es
902 ## - CATALOGADOR
- Catalogador: RGJD/150622
